00448nam a2200181 a 4500001001300000003000900013005001700022008004100039020001000080082001200090100000700102245005300109260003100162300000900193500003500202650002200237700000700259nice12345678IN_TiNIC20260116012327.0070621s1987 lara grp 000 0 eng  ac10000a226.1b a,  aLife of the Messiah in a Classical Arabic Tongue aLarnaca/cyprusbAbdoc1987 a128p aincludes index and biblioraphy aBible N.T. Gospel1 a,